Estudio de prefactibilidad para la aplicación del concreto premezclado en viviendas de una y dos plantas
Sparad:
| Huvudupphovsman: | |
|---|---|
| Materialtyp: | Bok |
| Publicerad: |
[San José , Costa Rica]
1995
|
| Ämnen: | |
| Taggar: |
Lägg till en tagg
Inga taggar, Lägg till första taggen!
|
MARC
| LEADER | 00000nam a2200000Ia 4500 | ||
|---|---|---|---|
| 003 | 007722 | ||
| 005 | 20221231144252.0 | ||
| 008 | 140114s1995 cr a m 000 ||s d | ||
| 040 | |c cru CEDI | ||
| 090 | |a TFG 3319 | ||
| 100 | |a Gronemeyer Karaki, Karl |9 10635 | ||
| 245 | |a Estudio de prefactibilidad para la aplicación del concreto premezclado en viviendas de una y dos plantas | ||
| 260 | |c 1995 |a [San José , Costa Rica] | ||
| 300 | |a xii, 186 hojas | ||
| 500 | |a Proyecto de graduación (licenciatura en ingeniería civil)--Universidad de Costa Rica. Facultad de Ingeniería. Escuela de Ingeniería Civil | ||
| 650 | |x HORMIGON ARMADO |x CONSTRUCCION DE VIVIENDAS |9 10636 | ||
| 942 | |c TFG | ||
| 999 | |c 19348 |d 19348 | ||
